| 000 | 00710cam a2200229 a 4500 | ||
|---|---|---|---|
| 001 | 690359 | ||
| 005 | 20180918041109.0 | ||
| 008 | 960516s1996 paua b 001 0 eng | ||
| 010 | _a 96022048 | ||
| 020 | _a1560915250 (hardcover) | ||
| 040 |
_aDLC _cDLC _dDLC |
||
| 041 | _aeng | ||
| 080 | _a629.255 CAI | ||
| 082 | 0 | 0 |
_a629.255 CAI _220 |
| 100 | 1 | _a27 | |
| 101 | _aMEK | ||
| 245 | 1 | 0 |
_aAutomotive lubricants reference book / _cA.J. Caines and R.F. Haycock. |
| 504 | _aIncludes bibliographical references and index. | ||
| 906 |
_a7 _bcbc _corignew _d1 _eocip _f19 _gy-gencatlg |
||
| 942 |
_2ddc _cBK |
||
| 999 |
_c47882 _d47882 |
||